Να διαβάζουμε το κεφάλαιο

Αποθηκεύτηκε σε:
Λεπτομέρειες βιβλιογραφικής εγγραφής
Άλλοι συγγραφείς: Althusser, Louis, 1918-1990
Μορφή: Βιβλίο
Γλώσσα:Greek
Δημοσίευση: Αθήνα : Ελληνικά Γράμματα, 2003.
Σειρά:Βιβλιοθήκη οικονομικής και πολιτικής θεωρίας 9
Θέματα:
Ετικέτες: Προσθήκη ετικέτας
Δεν υπάρχουν, Καταχωρήστε ετικέτα πρώτοι!

MARC

LEADER 00000cam a2200000 i 4500
001 1/87797
008 080604s2003 gr | ||| |||| ||gre||
020 |a 9604063200 
035 |l 10097957 
040 |a GR-MyUA  |b gre  |e AACR2 
041 0 |a gre 
082 0 |a 335.412  |2 (22) 
245 1 0 |a Να διαβάζουμε το κεφάλαιο /   |c L. Althusser ... (κ.ά.) ; μετάφραση Δημήτρης Δημούλης, Χρήστος Βαλλιάνος, Βίκυ Παπαοικονόμου ; επιμέλεια ελληνικής έκδοσης Δημήτρης Δημούλης.  
260 |a Αθήνα :   |b Ελληνικά Γράμματα,   |c 2003.  
300 |a 662 σ. ;   |c 24 εκ.  
490 1 |a (Βιβλιοθήκη οικονομικής και πολιτικής θεωρίας   |v ; 9)  
600 1 0 |a Marx, Karl,   |d 1818-1883. 
650 0 0 |a Marxian economics. 
700 1 |a Althusser, Louis,   |d 1918-1990. 
830 0 |a Βιβλιοθήκη οικονομικής και πολιτικής θεωρίας  |v 9 
852 |a INST  |b SAMOS  |e 20080604  |h 335.412 ΔΙΑ  |p 005300030259  |q 005300030259  |t BK  |y 0 
901 |a BIBL3-2008-2 
909 |a Σ  |b 141536 
922 |a 3ΕΛΗ  |b 200711  |c ΕΠΕΑΕΚ2/ΤΜΗΜΑ ΜΑΘΗΜΑΤΙΚΩΝ  |d ΠΑΤΑΚΗΣ 
970 |a ΡΟΥΣΣΟΥ  |b ΚΩΝΣΤΑΝΤΙΝΑ  |z 2008/06/04